| 000 | 01457cab a2200181 4500 | ||
|---|---|---|---|
| 001 | ABS38591 | ||
| 008 | 090401t1987 xxu||||| |||| 00| 0 eng d | ||
| 035 | _a(Sirsi) u11400 | ||
| 041 | _aeng | ||
| 245 | _aRhodes and another v Allied Dunbar Pension Services Ltd and others | ||
| 260 | _c1987 | ||
| 350 | _a0 | ||
| 490 |
_aWeekly Law Reports _v(1987) 1 WLR 1703-1710(8) |
||
| 520 | _aChD 19 June 1987. A company created a debenture over its assets in favour of a bank, which included the lease of premises part sublet. In July 1986 the bank appointed receivers under the debenture and the rent from the sublet premises became payable to them. In February 1987 the company`s landlords served notice on the sub-tenants under Law of Distress Amendment Act 1908 s6 requiring all future rent to be paid to them. The receiver summoned a declaration that the rent was payable to them. It was held that the words of s3 of the Act, that the under -tenant `shall be deemed to be the immediate tenant of the superior landlord` were construed as meaning landlords, tenants and sub-tenants and not mortgagees, assignees or third parties. Since at the time the landlords gave notice under s6, the tenant no longer had the right to receive rents as they were assigned to receivers, it was held that the receivers were entitled to the rents payable under the sub-lease. | ||
| 690 | _aLANDLORD AND TENANT-CASE LAW-BUSINESS TENANCIES | ||
| 942 | _n0 | ||
| 948 | _c04/03/1997 | ||
| 999 |
_c7264 _d7264 |
||